| 000 | 00000nam##2200000za#4500 |
| 001 | 9.601092 |
| 003 | CaOODSP |
| 005 | 20220901164725 |
| 007 | cr ||||||||||| |
| 008 | 150406|2003||||xxc|||||o f|0| 0 fre|d |
| 040 | |aCaOODSP|bfre |
| 043 | |an-cn--- |
| 086 | 1 |aJ3-10/7F-PDF |
| 110 | 1 |aCanada.|bJustice Canada. |
| 245 | 14|aUne synthèse des questions soulevées par la recherche portant sur l'aide juridique en matière d'immigration et de protection des réfugiés et de ses répercussions / |h[ressource électronique]|c[par] Austin Lawrence et Pauline de Jong. |
| 260 | |aOttawa - Ontario : |bJustice Canada |c2003. |
| 300 | |a57p.|bfigure, glossaire, tableau |
| 490 | 1 |aSérie de recherches sur l'aide juridique|vrr03lars-6[i.e. 7]f |
| 504 | |aBibliographie. |
| 590 | |a11-09-Supp|b2011-06-30 |
| 720 | 1 |aLawrence, Austin |
| 720 | 1 |ade Jong, Pauline |
| 775 | 08|tA synthesis of the issues and implications raised by the immigration and refugee legal aid research / |w(CaOODSP)9.570346 |
| 830 | #0|aSérie de recherches sur l'aide juridique ;|vrr03lars-6[i.e. 7]f|w(CaOODSP)9.502071 |
| 856 | 40|ahttp://publications.gc.ca|qPDF|s692 Ko|uhttps://publications.gc.ca/collections/collection_2011/jus/J3-10-7-fra.pdf|yrr03lars-6[i.e. 7]f |